| 000 | 00865cam a22002534a 4500 | ||
|---|---|---|---|
| 001 | 11783282 | ||
| 005 | 20201128024336.0 | ||
| 008 | 990831s2001 mau frb 001 0 eng d | ||
| 020 | _a0072297212 | ||
| 020 | _a9780072297218 | ||
| 040 |
_aDLC _cDLC _dDLC _dEG-ScBUE _beng |
||
| 082 | 0 | 4 |
_a170 _222 _bBEA |
| 100 | 1 |
_aBeauchamp, Tom L. _91171 |
|
| 245 | 1 | 0 |
_aPhilosophical ethics : _ban introduction to moral philosophy / _cTom L. Beauchamp. |
| 250 | _a3rd ed. | ||
| 260 |
_aBoston : _bMcGraw-Hill, _c2001. |
||
| 300 |
_axii, 400 p. ; _c24 cm. |
||
| 504 | _aIncludes bibliographical references and index. | ||
| 650 | 7 |
_aEthics. _2BUEsh _9683 |
|
| 653 |
_bGGEN _cMay2018 |
||
| 856 | 4 | 2 |
_3Publisher description _uhttp://www.loc.gov/catdir/description/mh023/99047187.html |
| 856 | 4 | 1 |
_3Table of contents _uhttp://www.loc.gov/catdir/toc/mh023/99047187.html |
| 942 | _2ddc | ||
| 999 |
_c26660 _d26632 |
||